000 00685nam a22002057a 4500
005 20251108164749.0
008 250721s2007 xx 000 0 ara d
082 1 4 _aط/811.5/عيد
100 1 _aأبو عيد، بنان
_eمؤلف
245 1 0 _aأبو فراس الحمداني : حياته و أجمل أشعاره /
264 1 _aعمان :
_bدار حمورابي للنشر و التوزيع،
_c2007.
300 _a80ص.
490 0 _aأجمل قصائد
_vج2.
650 1 7 _aالشعر العربي
650 1 7 _aالادب العربي
650 1 7 _aالشعراا العرب
653 _aناشاون صغار ( 10-14) سنه)
942 _2ddc
_cBK
999 _c13802
_d13802